Eastern Utah Libraries Catalog: Duchesne, Heber, Roosevelt, & Vernal

Horatio Hornblower : (Record no. 110500)

MARC details
000 -LEADER
fixed length control field 04216cgm a2200805Ia 4500
001 - CONTROL NUMBER
control field ocn722473202
003 - CONTROL NUMBER IDENTIFIER
control field OCoLC
005 - DATE AND TIME OF LATEST TRANSACTION
control field 20241220140843.0
007 - PHYSICAL DESCRIPTION FIXED FIELD--GENERAL INFORMATION
fixed length control field vd cvaizs
008 - FIXED-LENGTH DATA ELEMENTS--GENERAL INFORMATION
fixed length control field 110511s2011 xxu800 vleng d
020 ## - INTERNATIONAL STANDARD BOOK NUMBER
International Standard Book Number 1422901483
020 ## - INTERNATIONAL STANDARD BOOK NUMBER
International Standard Book Number 9781422901489
020 ## - INTERNATIONAL STANDARD BOOK NUMBER
International Standard Book Number 1422931013
020 ## - INTERNATIONAL STANDARD BOOK NUMBER
International Standard Book Number 9781422931011
024 1# - OTHER STANDARD IDENTIFIER
Standard number or code 733961236682
028 41 - PUBLISHER NUMBER
Publisher number AAAE236680
Source A & E Home Video
035 ## - SYSTEM CONTROL NUMBER
System control number (OCoLC)722473202
040 ## - CATALOGING SOURCE
Original cataloging agency TEFMT
Transcribing agency TEFMT
Modifying agency TEF
-- BTCTA
-- IJ8
-- OCLCF
-- OCLCO
-- UINTA
Description conventions rda
041 1# - LANGUAGE CODE
Language code of text/sound track or separate title eng
Language code of original and/or intermediate translations of text eng
043 ## - GEOGRAPHIC AREA CODE
Geographic area code e-uk-en
-- e-uk-wl
-- e-uk---
049 ## - LOCAL HOLDINGS (OCLC)
Holding library UCLB
050 #4 - LIBRARY OF CONGRESS CALL NUMBER
Classification number PN1992.77
Item number .H67 2011
082 04 - DEWEY DECIMAL CLASSIFICATION NUMBER
Classification number 791.45/75
Edition number 23
092 ## - LOCALLY ASSIGNED DEWEY CALL NUMBER (OCLC)
Classification number 791.457
245 00 - TITLE STATEMENT
Title Horatio Hornblower :
Remainder of title C.S. Forester's
Medium [videorecording] /
Statement of responsibility, etc an A & E/Meridian production ; producer Andrew Benson ; director Andrew Grieve.
246 30 - VARYING FORM OF TITLE
Title proper/short title Horatio Hornblower
246 3# - VARYING FORM OF TITLE
Title proper/short title Hornblower
250 ## - EDITION STATEMENT
Edition statement Collector's ed.
260 ## - PUBLICATION, DISTRIBUTION, ETC. (IMPRINT)
Place of publication, distribution, etc [United States] :
Name of publisher, distributor, etc A & E Home Entertainment :
-- distributed by New Video,
Date of publication, distribution, etc [2011]
264 ## - Production, Publication, Distribution, Manufacture, and Copyright Notice.
Place of production, publication, distribution, manufacture [United States] :
Name of producer, publisher, distributor, manufacturer A & E Home Entertainment :
-- distributed by New Video,
Date of production, publication, distribution, manufacture, or copyr [2011]
300 ## - PHYSICAL DESCRIPTION
Extent 8 videodiscs (800 min.) :
Other physical details sd., col. ;
Dimensions 4 3/4 in.
336 ## - Content Type
Content type term two-dimensional moving image
337 ## - Media type
Media type term video
338 ## - Carrier type
Carrier type term videodisc
500 ## - GENERAL NOTE
General note Title from container.
500 ## - GENERAL NOTE
General note Originally broadcast by ITV and ITV1, 1998-2003.
500 ## - GENERAL NOTE
General note Based on the books by C.S. Forester.
500 ## - GENERAL NOTE
General note Special features: exclusive interview with Ioan Gruffudd; filmmaker commentary of "Loyalty" and "Duty"; bonus programs: "England's royal worships," "Sail 2000: abroad the eagle," and "The making of Horatio Hornblower"; About C.S. Forester; Nautical terms and definitions; interactive 3D naval cannon; guide to royal warships; C.S. Forester biography; cast and crew biographies; photo gallery.
505 00 - FORMATTED CONTENTS NOTE
Title The duel --
-- The fire ships --
-- The duchess and the devil --
-- The wrong war --
-- The mutiny --
-- Retribution --
-- Loyalty --
-- Duty.
511 1# - PARTICIPANT OR PERFORMER NOTE
Participant or performer note Ioan Gruffudd, Robert Lindsay, Dorian Healy, Michael Byrne, Robert Bathurst, Denis Lawson, Ian McNeice, Andrew Tiernan, Cherie Lunghi, Christopher Fulford, Ronald Pickup, Antony Sher, Samuel West, John Shrapnel, Peter Vaughn, David Warner, Nicholas Jones, Philip Glenister, Jamie Bamber, David Rintoul, Paul Copley, Sean Gilder, Paul McGann, Lorcan Cranitch, Tony Haygarth, Julia Sawalha, Barbara Flynn, Greg Wise, Jim Carter, Ron Cook.
520 ## - SUMMARY, ETC.
Summary, etc Based on the stories of swashbuckling action and below-decks intrigue by C.S. Forester. Includes The Duel, The Fire Ships, The Duchess and the Devil, The Wrong War, The Mutiny, Retribution, Loyalty, and Duty. Repackaged.
538 ## - SYSTEM DETAILS NOTE
System details note DVD; Full frame; Dolby Digital stereo.
546 ## - LANGUAGE NOTE
Language note In English with English subtitles.
610 10 - SUBJECT ADDED ENTRY--CORPORATE NAME
Corporate name or jurisdiction name as entry element England and Wales.
Subordinate unit Royal Navy
Chronological subdivision 19th century
Form subdivision Drama.
9 (RLIN) 6360878
610 17 - SUBJECT ADDED ENTRY--CORPORATE NAME
Corporate name or jurisdiction name as entry element England and Wales.
Subordinate unit Royal Navy.
Source of heading or term fast
9 (RLIN) 6271989
648 #7 - SUBJECT ADDED ENTRY--CHRONOLOGICAL TERM
Chronological term 1800 - 1899
Source of heading or term fast
9 (RLIN) 5678697
650 #0 - SUBJECT ADDED ENTRY--TOPICAL TERM
Topical term or geographic name as entry element Hornblower, Horatio (Fictitious character)
Form subdivision Drama.
9 (RLIN) 6360879
650 #0 - SUBJECT ADDED ENTRY--TOPICAL TERM
Topical term or geographic name as entry element Sailors
Geographic subdivision Great Britain
Chronological subdivision 19th century
Form subdivision Drama.
9 (RLIN) 6360880
650 #7 - SUBJECT ADDED ENTRY--TOPICAL TERM
Topical term or geographic name as entry element Hornblower, Horatio (Fictitious character)
Source of heading or term fast
9 (RLIN) 96582
650 #7 - SUBJECT ADDED ENTRY--TOPICAL TERM
Topical term or geographic name as entry element Sailors.
Source of heading or term fast
9 (RLIN) 6271990
651 #0 - SUBJECT ADDED ENTRY--GEOGRAPHIC NAME
Geographic name Great Britain
General subdivision History, Naval
Chronological subdivision 19th century
Form subdivision Drama.
9 (RLIN) 6360881
651 #7 - SUBJECT ADDED ENTRY--GEOGRAPHIC NAME
Geographic name Great Britain.
Source of heading or term fast
9 (RLIN) 6271991
655 #7 - INDEX TERM--GENRE/FORM
Genre/form data or focus term Action and adventure television programs.
Source of term lcgft
9 (RLIN) 5676921
655 #7 - INDEX TERM--GENRE/FORM
Genre/form data or focus term Television series.
Source of term lcgft
9 (RLIN) 6271992
655 #7 - INDEX TERM--GENRE/FORM
Genre/form data or focus term Fiction television programs.
Source of term lcgft
9 (RLIN) 5673656
655 #7 - INDEX TERM--GENRE/FORM
Genre/form data or focus term Drama.
Source of term fast
9 (RLIN) 6271993
655 #7 - INDEX TERM--GENRE/FORM
Genre/form data or focus term Naval history.
Source of term fast
9 (RLIN) 5704399
700 1# - ADDED ENTRY--PERSONAL NAME
Personal name Benson, Andrew.
9 (RLIN) 48483
700 1# - ADDED ENTRY--PERSONAL NAME
Personal name Grieve, Andrew.
9 (RLIN) 67790
700 1# - ADDED ENTRY--PERSONAL NAME
Personal name Gruffudd, Ioan.
9 (RLIN) 76917
700 1# - ADDED ENTRY--PERSONAL NAME
Personal name Lindsay, Robert,
Dates associated with a name 1949-
9 (RLIN) 32875
700 1# - ADDED ENTRY--PERSONAL NAME
Personal name Healy, Dorian.
9 (RLIN) 71743
700 1# - ADDED ENTRY--PERSONAL NAME
Personal name Forester, C. S.
Fuller form of name (Cecil Scott),
Dates associated with a name 1899-1966.
Title of a work Hornblower.
9 (RLIN) 430
710 2# - ADDED ENTRY--CORPORATE NAME
Corporate name or jurisdiction name as entry element Meridian Broadcasting.
9 (RLIN) 62954
710 2# - ADDED ENTRY--CORPORATE NAME
Corporate name or jurisdiction name as entry element Arts and Entertainment Network.
9 (RLIN) 75776
710 2# - ADDED ENTRY--CORPORATE NAME
Corporate name or jurisdiction name as entry element A & E Home Video (Firm)
9 (RLIN) 61343
710 2# - ADDED ENTRY--CORPORATE NAME
Corporate name or jurisdiction name as entry element New Video Group.
9 (RLIN) 61680
730 0# - ADDED ENTRY--UNIFORM TITLE
Uniform title Hornblower (Television program)
9 (RLIN) 6271994
942 ## - ADDED ENTRY ELEMENTS (KOHA)
Koha item type DVD
Source of classification or shelving scheme Dewey Decimal Classification
Holdings
Withdrawn status Lost status Source of classification or shelving scheme Materials specified (bound volume or other part) Damaged status Not for loan Collection code Home library Current library Shelving location Date acquired Source of acquisition Cost, normal purchase price Total Checkouts Total Renewals Full call number Barcode Date last seen Date checked out Cost, replacement price Price effective from Koha item type
    Dewey Decimal Classification .CIRCNOTE. 8 discs     Movies Wasatch County Library Wasatch County Library Audio Visual Area 02/12/2014 Amazon 34.98 39 7 DVD Hor 34301001175498 07/25/2025 07/17/2025 34.98 03/20/2020 DVD
This project was made possible through a grant from the Institute of Museum and Library Service administered by the Utah State Library Division.

Wasatch County Library

  • 465 East 1200 South, Heber City, Utah 84032
  • Phone 435-654-1511 | Fax 435-654-6456

Hours

  • Monday - Friday 9:30 AM - 8:00 PM
  • Saturday 9:30 AM - 1:30 PM
  • Closed Sundays and Holidays